<?xml version="1.0" encoding="UTF-8"?>
<record
    xmlns:xsi="http://www.w3.org/2001/XMLSchema-instance"
    xsi:schemaLocation="http://www.loc.gov/MARC21/slim http://www.loc.gov/standards/marcxml/schema/MARC21slim.xsd"
    xmlns="http://www.loc.gov/MARC21/slim">

  <leader>01063nam2a22002411  4500</leader>
  <controlfield tag="001">rc\1107603</controlfield>
  <controlfield tag="005">20250621234026.0</controlfield>
  <datafield tag="035" ind1=" " ind2=" ">
    <subfield code="a">(NLR Aleph) 005979907</subfield>
  </datafield>
  <datafield tag="090" ind1=" " ind2=" ">
    <subfield code="a">7017620</subfield>
    <subfield code="c">7017620</subfield>
  </datafield>
  <datafield tag="100" ind1=" " ind2=" ">
    <subfield code="a">20041126d1982    |||y0rusy50      ca</subfield>
  </datafield>
  <datafield tag="101" ind1="0" ind2=" ">
    <subfield code="a">rus</subfield>
  </datafield>
  <datafield tag="102" ind1=" " ind2=" ">
    <subfield code="a">RU</subfield>
  </datafield>
  <datafield tag="105" ind1=" " ind2=" ">
    <subfield code="a">a   |||||||||</subfield>
  </datafield>
  <datafield tag="200" ind1="0" ind2=" ">
    <subfield code="a">&#x412;&#x44B;&#x43F;.2</subfield>
  </datafield>
  <datafield tag="210" ind1=" " ind2=" ">
    <subfield code="d">1982</subfield>
    <subfield code="a">&#x411;. &#x43C;.</subfield>
  </datafield>
  <datafield tag="215" ind1=" " ind2=" ">
    <subfield code="a">288 &#x441;.</subfield>
    <subfield code="c">&#x43F;&#x43E;&#x440;&#x442;&#x440;., &#x43D;&#x43E;&#x442;. &#x438;&#x43B;.</subfield>
  </datafield>
  <datafield tag="300" ind1=" " ind2=" ">
    <subfield code="a">&#x421; &#x412;&#x44B;&#x43F;. 3 (1984) &#x445;&#x440;&#x430;&#x43D;&#x438;&#x442;&#x441;&#x44F; &#x432; &#x436;&#x443;&#x440;&#x43D;. &#x444;&#x43E;&#x43D;&#x434;&#x435; (&#x448;. &#x41F; 31/425) &#x441;&#x43C;. &#x43A;&#x430;&#x442;&#x430;&#x43B;&#x43E;&#x433; &#x43F;&#x435;&#x440;&#x438;&#x43E;&#x434;. &#x438;&#x437;&#x434;.</subfield>
  </datafield>
  <datafield tag="461" ind1=" " ind2="0">
    <subfield code="1">001rc\1189378</subfield>
    <subfield code="1">2001#$a&#x41A;&#x43E;&#x43C;&#x43F;&#x43E;&#x437;&#x438;&#x442;&#x43E;&#x440;&#x44B; &#x420;&#x43E;&#x441;&#x441;&#x438;&#x439;&#x441;&#x43A;&#x43E;&#x439; &#x424;&#x435;&#x434;&#x435;&#x440;&#x430;&#x446;&#x438;&#x438;$e&#x421;&#x431;. &#x441;&#x442;&#x430;&#x442;&#x435;&#x439;$f[&#x421;&#x43E;&#x44E;&#x437; &#x43A;&#x43E;&#x43C;&#x43F;&#x43E;&#x437;&#x438;&#x442;&#x43E;&#x440;&#x43E;&#x432; &#x420;&#x421;&#x424;&#x421;&#x420;$g&#x420;&#x435;&#x434;.-&#x441;&#x43E;&#x441;&#x442;. &#x412;.&#x418;. &#x41A;&#x430;&#x437;&#x435;&#x43D;&#x438;&#x43D;]$v&#x412;&#x44B;&#x43F;.2</subfield>
    <subfield code="9">6962228</subfield>
    <subfield code="c">&#x41C;.</subfield>
    <subfield code="d">1981</subfield>
    <subfield code="f">[&#x421;&#x43E;&#x44E;&#x437; &#x43A;&#x43E;&#x43C;&#x43F;&#x43E;&#x437;&#x438;&#x442;&#x43E;&#x440;&#x43E;&#x432; &#x420;&#x421;&#x424;&#x421;&#x420;</subfield>
    <subfield code="n">&#x421;&#x43E;&#x432;. &#x43A;&#x43E;&#x43C;&#x43F;&#x43E;&#x437;&#x438;&#x442;&#x43E;&#x440;</subfield>
    <subfield code="o">&#x421;&#x431;. &#x441;&#x442;&#x430;&#x442;&#x435;&#x439;</subfield>
    <subfield code="t">&#x41A;&#x43E;&#x43C;&#x43F;&#x43E;&#x437;&#x438;&#x442;&#x43E;&#x440;&#x44B; &#x420;&#x43E;&#x441;&#x441;&#x438;&#x439;&#x441;&#x43A;&#x43E;&#x439; &#x424;&#x435;&#x434;&#x435;&#x440;&#x430;&#x446;&#x438;&#x438;</subfield>
    <subfield code="v">&#x412;&#x44B;&#x43F;.2</subfield>
  </datafield>
  <datafield tag="801" ind1=" " ind2="0">
    <subfield code="a">RU</subfield>
    <subfield code="b">NLR</subfield>
    <subfield code="g">psbo</subfield>
  </datafield>
  <datafield tag="801" ind1=" " ind2="1">
    <subfield code="a">RU</subfield>
    <subfield code="b">ELAR</subfield>
    <subfield code="2">rusmarc</subfield>
  </datafield>
  <datafield tag="852" ind1=" " ind2=" ">
    <subfield code="a">NLR</subfield>
    <subfield code="j">81-2/2922</subfield>
  </datafield>
  <datafield tag="942" ind1=" " ind2=" ">
    <subfield code="c">BOOK</subfield>
  </datafield>
  <datafield tag="980" ind1=" " ind2=" ">
    <subfield code="a">NB</subfield>
  </datafield>
  <datafield tag="995" ind1=" " ind2=" ">
    <subfield code="5">2013-10-26</subfield>
    <subfield code="b">NLR01</subfield>
    <subfield code="c">NLR01</subfield>
    <subfield code="e">RF9</subfield>
    <subfield code="f">1-1502740</subfield>
    <subfield code="k">81-2/2922</subfield>
    <subfield code="o">0</subfield>
    <subfield code="r">BOOK</subfield>
    <subfield code="s">8122922_</subfield>
  </datafield>
</record>
